000 00229nam a22000857a 4500
008 160716b xxu||||| |||| 00| 0 eng d
100 _92938
_aArora S.L
245 _aNew Simplified Physics-XI
260 _aNew Delhi
_bD.R Publication
_c2012
999 _c2503
_d2503